| 000 | 00544cab a2200217 4500 | ||
|---|---|---|---|
| 001 | ABS60374 | ||
| 008 | 090401t1999 xxu||||| |||| 00| 0 eng d | ||
| 035 | _a(Sirsi) u92310 | ||
| 041 | _aeng | ||
| 245 | _aAlternative land use | ||
| 260 | _c1999 | ||
| 350 | _a0 | ||
| 490 |
_aFarm Development Review _v13(3) January 1999 (8) LOAN |
||
| 650 | _aALTERNATIVE LAND USE | ||
| 650 | _aFARM ACCOMMODATION | ||
| 650 | _aFREE RANGE HENS | ||
| 650 | _aNATIONAL CYCLE NETWORK | ||
| 690 | _aRURAL PRACTICE | ||
| 942 | _n0 | ||
| 948 | _c24/03/1999 | ||
| 999 |
_c58532 _d58532 |
||